| 000 | 00601nam a2200205 4500 | ||
|---|---|---|---|
| 005 | 20241007092030.0 | ||
| 008 | 241007b |||||||| |||| 00| 0 eng d | ||
| 020 |
_aX _c[n.p.] |
||
| 040 | _aMAIN | ||
| 082 |
_a615.19 _bM294A |
||
| 100 | _aMalhotra, Hitesh | ||
| 245 | _aAnti- Arthritic potential of ziziphus nummularia and prunus dulcis: An experimental study in rodents | ||
| 260 |
_bDept. of Pharmaceutical Sciences, M D University, Rohtak _c2024 |
||
| 300 | _axxii, 511 | ||
| 650 | _aPharmaceutical Science | ||
| 650 | _aPharmacy | ||
| 700 | _aGarg,Vandana | ||
| 942 | _cTH | ||
| 999 |
_c357384 _d357384 |
||